人均预期寿命最高的50个国家(2023) - Statistics

General Stats
  • This quiz has been taken 14 times
  • The average score is 40 of 50
Answer Stats
排名 国家/地区 人均预期
寿命(岁)
% Correct
3 日本 84.71
100%
4 韩国 84.33
100%
6 瑞士 83.95
100%
7 澳大利亚 83.92
100%
9 意大利 83.72
100%
10 西班牙 83.67
100%
12 法国 83.33
100%
15 瑞典 83.26
100%
19 加拿大 82.63
100%
20 爱尔兰 82.41
100%
23 葡萄牙 82.36
100%
24 卢森堡 82.23
100%
25 荷兰 82.16
100%
27 新西兰 82.09
100%
35 英国 81.30
100%
45 美国 79.30
100%
8 新加坡 83.74
92%
13 挪威 83.31
92%
26 比利时 82.11
92%
29 丹麦 81.93
92%
30 芬兰 81.91
92%
34 德国 81.38
92%
47 沙特阿拉伯 78.73
92%
48 波兰 78.63
92%
11 列支敦士登 83.63
85%
18 冰岛 82.69
85%
28 奥地利 81.96
85%
31 希腊 81.86
85%
42 捷克 79.83
85%
1 摩纳哥 86.37
77%
5 安道尔 84.04
77%
16 梵蒂冈 82.98
77%
17 阿拉伯联合酋长国 82.91
77%
21 以色列 82.41
77%
36 巴林 81.28
77%
40 科威特 80.41
77%
49 克罗地亚 78.58
77%
50 斯洛伐克 78.34
77%
2 圣马力诺 85.71
69%
22 卡塔尔 82.37
69%
33 斯洛文尼亚 81.60
69%
46 爱沙尼亚 79.15
54%
14 马耳他 83.30
46%
37 智利 81.17
46%
41 阿曼 80.03
46%
43 阿尔巴尼亚 79.60
46%
32 塞浦路斯 81.65
38%
44 巴拿马 79.59
38%
38 马尔代夫 81.04
31%
39 哥斯达黎加 80.80
31%
No matching quizzes found
Score Distribution
Percent of People with Each Score
Percentile by Number Answered
Your Score History
You have not taken this quiz